01015cam a2200217Ia 45000010006000000050017000060080041000230350023000640400013000870350019001000430021001192450123001402600045002633000020003085000148003285000100004766510055005766510037006317000036006687100093007043776220230411085955.0821021s1976 pn 000 0 spa d a(OCoLC)ocm08880381 aCGPcCGP a(OCoLC)8880381 acl-----ae-sp---03aLa profética carta de Jamaica de Bolívar :bcontestación de un americano meridional a un caballero de esta isla. aPanamá :bEditora Renovación,c1976. a22 p. ;c21 cm. a"Publicaciones de la Coordinación de Propaganda del Comité Nacional del Sesquincentenario del Congreso Anfictiónico de Panamá de 1826." aCover title: La profética carta de Jamaica de Bolívar sobre el porvenir de América, 1815. 0aLatin AmericaxPolitics and governmenty1806-1830. 0aSpainxColoniesxAdministration.1 aBolívar, Simón,d1783-1830.2 aComité Nacional del Sesquincentenario del Congreso Anfictiónico de Panamá de 1826.